| 000 | 00950cam a22002655a 4500 | ||
|---|---|---|---|
| 001 | 16085051 | ||
| 005 | 20161127110156.0 | ||
| 008 | 100204t2011 nyua fr 001 0 eng d | ||
| 020 | _a9781439059647 | ||
| 020 | _a1439059640 | ||
| 040 |
_aYDXCP _cYDXCP _dUPM _dZ5U _dY8N _dDLC _dEG-ScBUE _beng |
||
| 082 | 0 | 4 |
_222 _a692.5 _bPRA |
| 100 | 1 |
_aPratt, David J., _d1946- |
|
| 245 | 0 | 0 |
_aFundamentals of construction estimating / _cDavid J. Pratt. |
| 250 | _a3rd ed. | ||
| 260 |
_aClifton Park : _bWadsworth Cengage Learning, _cc.2011. |
||
| 300 |
_axiv, 482 p. : _bill. ; _c29 cm. |
||
| 500 | _aIncludes index. | ||
| 538 | _aSystem requirements: PC with Windows XP w/ SP2, Vista 7; hard drive 200 MB, 8x CD-ROM or DVD-ROM drive; sound card and Internet connection. | ||
| 650 | 7 |
_aBuilding _xEstimates. _2BUEsh _920186 |
|
| 650 | 7 |
_aBuilding _xEstimates _xData processing. _2BUEsh _928979 |
|
| 651 | _2BUEsh | ||
| 653 |
_bENGGEN _cNovember2016 |
||
| 942 | _2ddc | ||
| 999 |
_c23339 _d23311 |
||